| 000 | 00472nam a2200181Ia 4500 | ||
|---|---|---|---|
| 008 | 230524s9999 xx 000 0 und d | ||
| 020 | _a0333937198 | ||
| 082 |
_a658.8 _bRAM |
||
| 100 | _aV.S.Ramaswamy | ||
| 245 | 0 | _a"Marketing Management,Planning Implementation and Control" | |
| 250 | _a3RD | ||
| 260 |
_aNEW DELHI _bMacmillian Pub _c2005 |
||
| 300 | _aXIX;737 | ||
| 500 | _aQuantity Number: 51 | ||
| 650 | _aManagement | ||
| 700 | _a S.Namakumari | ||
| 942 | _cBK | ||
| 999 |
_c33659 _d33659 |
||